Normal view
MARC view
- SCIENTISTS INTERVIEWS RESEARCH HISTORY
Entry Topical Term
001 - CONTROL NUMBER
- control field: 75759
003 - CONTROL NUMBER IDENTIFIER
- control field: NUST
005 - DATE AND TIME OF LATEST TRANSACTION
- control field: 20210628205501.0
008 - FIXED-LENGTH DATA ELEMENTS
- fixed length control field: 210628|| aca||aabn | a|a d
040 ## - CATALOGING SOURCE
- Original cataloging agency: NUST
- Transcribing agency: NUST
150 ## - HEADING--TOPICAL TERM
- Topical term or geographic name entry element: SCIENTISTS INTERVIEWS RESEARCH HISTORY
670 ## - SOURCE DATA FOUND
- Source citation: Work cat.: (NUST): Bass, Thomas A 75758, Reinventing the future conversations with the world's leading scientists, 1994
